| 000 | 00963nam a22002897a 4500 | ||
|---|---|---|---|
| 001 | BR8405119 | ||
| 003 | BR-BrBNA | ||
| 005 | 20230928092028.0 | ||
| 007 | ta | ||
| 008 | 230509b bl.||||| |||| 00| 0 por d | ||
| 040 |
_aBR-BrBNA _bpor _cBiblioteca Nacional de Agricultura |
||
| 041 | _a(Por) | ||
| 072 |
_aP36 _b/G514 |
||
| 090 | _ P36 BR8405119 | ||
| 100 | 1 | _aSilva, N.T.L. da | |
| 100 | 1 | _aAzambuja, M.D. de | |
| 100 | 1 | _aFerreira, L.A.B. | |
| 100 | 1 | _aTubino, A.C.C. | |
| 111 | 1 |
_a5. Congresso Brasileiro de Conservacao do Solo; 5. Encontro Nacional de Pesquisa em Conservacao do Solo _cPorto Alegre, RS (Brazil) _d15-20 Jul 1984 |
|
| 245 | 1 | _a5. Congresso Brasileiro de Conservacao do Solo e 5. Encontro Nacional de Pesquisa sobre Conservacao do Solo. Programa | |
| 260 | 3 |
_aPorto Alegre, RS (Brasil): _c1984. |
|
| 300 | _a80 p. | ||
| 650 | _aCONSERVACAO DO SOLO | ||
| 650 | _aPESQUISA | ||
| 909 |
_a202309 _bLucia _c55 _dLucia Elande |
||
| 942 | _cBK | ||
| 999 |
_c36782 _d36782 |
||